Catálogo

Grandes Biografías. (Registro nro. 63659)

Detalles MARC
000 -LEADER
fixed length control field 00571nam a2200205 u 4500
001 - CONTROL NUMBER
control field 63659
005 - DATE AND TIME OF LATEST TRANSACTION
control field 20180714070159.0
008 - FIXED-LENGTH DATA ELEMENTS--GENERAL INFORMATION
fixed length control field 151012s2002 mx r 000 0 spa d
020 ## - INTERNATIONAL STANDARD BOOK NUMBER
International Standard Book Number 84-8403-858-0
082 ## - DEWEY DECIMAL CLASSIFICATION NUMBER
Classification number 813.5
Item number LIN
100 1# - MAIN ENTRY--PERSONAL NAME
Personal name Lincolh, Abraham
Relator term autor
245 10 - TITLE STATEMENT
Title Grandes Biografías.
250 ## - EDITION STATEMENT
Edition statement Primera edición
264 ## - PRODUCTION, PUBLICATION, DISTRIBUTION, MANUFACTURE, AND COPYRIGHT NOTICE
Place of production, publication, distribution, manufacture México:
Date of production, publication, distribution, manufacture, or copyright notice Siglo veintiuno
300 ## - PHYSICAL DESCRIPTION
Extent 187 páginas ;
Dimensions 21 cm.
336 ## - CONTENT TYPE
Content type term texto
Source rdacontent
337 ## - MEDIA TYPE
Media type term sin mediación
Source rdamedia
338 ## - CARRIER TYPE
Carrier type term volumen
Source rdacarrier
490 1# - SERIES STATEMENT
Series statement Grandes biografías
Existencias
Withdrawn status Lost status Source of classification or shelving scheme Damaged status Not for loan Collection code Home library Current library Shelving location Date acquired Source of acquisition Total Checkouts Full call number Barcode Date last seen Price effective from Koha item type
    Dewey Decimal Classification     General Tehuacán Tehuacán Sala general 12/10/2015 Compra   813.5 LIN 2002 509959 08/01/2025 12/10/2015 Libro